| 000 | 00493nam a22001337a 4500 | ||
|---|---|---|---|
| 040 | _cNUST | ||
| 082 | _a220 PRO | ||
| 100 |
_aNC Muhammad Arslan Riaz NC Muhammad Ahmad NC Talha Humayun _9100568 |
||
| 110 |
_aProject Supervisor: Dr. Umar Shahbaz Khan Dr. Tahir Nawaz _9100569 |
||
| 245 | _aPR-SOF-2133-Design and Development of Robot For Stacking In Warehouse (Inspired By Squid Robot) | ||
| 260 |
_aISLAMABAD: _bNUST COLLEGE OF EME, _c2022. |
||
| 650 |
_aDE-MTS-40 _998604 |
||
| 942 |
_2ddc _cPR |
||
| 999 |
_c591888 _d591888 |
||